000 00298nam a2200109 4500
999 _c13629
_d13629
008 190329b ||||| |||| 00| 0 eng d
245 _aEmpowering youths for digital literacy.
260 _aDavao City
_bSun Star Davao
_cc2018
300 _apage 13.
650 0 _937967
_aEducation.
942 _2ddc
_cPER